| 000 | 00919nam a2200265 a 4500 | ||
|---|---|---|---|
| 001 | 65353 | ||
| 003 | BD-RjUL | ||
| 005 | 20211209081419.0 | ||
| 008 | 180503s2015 bg a 001 0 eng d | ||
| 020 |
_a9879843396006 _c: Complementary |
||
| 035 | _a(BD-RjUL) 65483 | ||
| 040 |
_aBD-RjUL _cBD-RjUL _beng _dBD-RjUL |
||
| 041 | _aeng | ||
| 082 | 0 | 0 |
_a330.95492021 _bBAE 2015 _223 |
| 110 | 1 |
_aBangladesh Bureau of Statistics (BBS) _9221264 |
|
| 245 | 1 | 0 |
_aEconomic census 2013 : _b(in abridged form) / _cBangladesh Bureau of Statistics (BBS) |
| 246 | _aReport on Economic census 2013 | ||
| 260 |
_aDhaka: _bBBS, _c2015 |
||
| 300 |
_a[2 part] ; _c28 cm |
||
| 500 | _a"Chiefly statistical tables." | ||
| 500 | _aInformation of "Part 1 & Part 2" found from BBS Publications" | ||
| 505 | 0 | _aPart 1-- Part 2 | |
| 650 |
_aBangladesh _xEconomic conditions _y21st century _xStatistics. _9221261 |
||
| 942 |
_2ddc _cRAR |
||
| 999 |
_c65353 _d65353 |
||